Strategic Development of MSMEs:Comparison of Policy Framework and Institutional Support Systems in India and Select Countries (Record no. 222302)

MARC details
000 -LEADER
fixed length control field 00560nam a2200181Ia 4500
008 - FIXED-LENGTH DATA ELEMENTS--GENERAL INFORMATION
fixed length control field 240823s9999||||xx |||||||||||||| ||und||
082 ## - DEWEY DECIMAL CLASSIFICATION NUMBER
-- 387.7 Q2
100 ## - MAIN ENTRY--PERSONAL NAME
Personal name Export-Import Bank of India
245 #0 - TITLE STATEMENT
Title Strategic Development of MSMEs:Comparison of Policy Framework and Institutional Support Systems in India and Select Countries
250 ## - EDITION STATEMENT
Edition statement I
260 ## - PUBLICATION, DISTRIBUTION, ETC. (IMPRINT)
Date of publication, distribution, etc 2012
Name of publisher, distributor, etc Export-Import Bank of
500 ## - GENERAL NOTE
General note TRANSFERED
650 ## - SUBJECT ADDED ENTRY--TOPICAL TERM
Topical term or geographic name as entry element strategic Management
942 ## - ADDED ENTRY ELEMENTS (KOHA)
Item type Books
Holdings
Withdrawn status Lost status Damaged status Permanent location Current location Shelving location Date acquired Source of acquisition Full call number Barcode Date last seen Koha item type
      CENTRAL LIBRARY, NOORUL ISLAM CENTRE FOR HIGHER EDUCATION CENTRAL LIBRARY, NOORUL ISLAM CENTRE FOR HIGHER EDUCATION Management Studies 08/05/2015 Gift From Department 387.7 Q2 71331 08/23/2024 Books
Visitors:
Copyright © 2024 Central Library NICHE.  All rights reserved.